| 000 | 00751nam a2200253 a 4500 | ||
|---|---|---|---|
| 003 | DO-SdBNP | ||
| 005 | 20250115085851.0 | ||
| 007 | ta | ||
| 008 | 250115e19? dr a|||gr|||| 001 e spa d | ||
| 040 |
_aDO-SdBNP _bspa _cBNPHU _erda |
||
| 082 | 4 |
_axxx _bR426e _222 |
|
| 100 | _958658 | ||
| 110 |
_aRepública Dominicana. _bSecretaria de Educación Bellas Artes y Cultos |
||
| 245 | 1 | 0 |
_aEspañol y sociales : _blibro 5to. grado |
| 264 |
_aSanto Domingo : _bDe Colores, _cfecha desconocida |
||
| 300 |
_a109 páginas ; _c29 cm. |
||
| 336 |
_ardacontent _btexto _2txt |
||
| 337 |
_ardamedia _bsin mediación _2n |
||
| 338 |
_ardacarrier _bvolumen _2nc |
||
| 490 | _aDominicana 2000 | ||
| 590 | _aInventariado 2025/DG | ||
| 910 | _aDG | ||
| 942 |
_2ddc _cLBS1 |
||
| 999 |
_c58060 _d58060 |
||